000 00398pab a2200169 454500
008 180718b2007 xxu||||| |||| 00| 0 eng d
100 _aJackson, Cecile
245 _aResolving risk? Marriage and creative conjugality
260 _c2007
300 _ap.107-29.
362 _aJan
650 _aMarriage
650 _aWomen
773 _aDevelopment and Change
908 _aN
909 _a74492
999 _c74492
_d74492